Summaries of works from the Tartu observatory stellar statistics and dynamics (Record no. 1836)

MARC details
000 -LEADER
fixed length control field 00574nam a2200181Ia 4500
003 - CONTROL NUMBER IDENTIFIER
control field IN-BaIIA
008 - FIXED-LENGTH DATA ELEMENTS--GENERAL INFORMATION
fixed length control field 211028s9999 xx 000 0 eng d
040 ## - CATALOGING SOURCE
Transcribing agency IIA Library
080 ## - UNIVERSAL DECIMAL CLASSIFICATION NUMBER
Universal Decimal Classification number 521.2
Item number KUZ
100 ## - MAIN ENTRY--PERSONAL NAME
Personal name Kuzmin's, G G
9 (RLIN) 3527
245 #0 - TITLE STATEMENT
Title Summaries of works from the Tartu observatory stellar statistics and dynamics
Statement of responsibility, etc. G. G. Kuzmin's
260 ## - PUBLICATION, DISTRIBUTION, ETC.
Place of publication, distribution, etc. London
Date of publication, distribution, etc. 1959
300 ## - PHYSICAL DESCRIPTION
Extent 50p.
650 ## - SUBJECT ADDED ENTRY--TOPICAL TERM
Topical term or geographic name entry element Astronomy and astrophysics thesaurus
650 ## - SUBJECT ADDED ENTRY--TOPICAL TERM
Topical term or geographic name entry element Collected works
9 (RLIN) 760
650 ## - SUBJECT ADDED ENTRY--TOPICAL TERM
Topical term or geographic name entry element Galactic dynamics
9 (RLIN) 1517
942 ## - ADDED ENTRY ELEMENTS (KOHA)
Koha item type Books
Holdings
Withdrawn status Lost status Damaged status Not for loan Home library Current library Shelving location Date acquired Cost, normal purchase price Total Checkouts Full call number Barcode Date last seen Cost, replacement price Price effective from Koha item type Purchase Price
        IIA Library-Bangalore IIA Library-Bangalore General Stacks   8.64   521.2/ KUZ 2014 05/11/2021 8.64   Books Rs. 8.64

Powered by Koha